Le péché originel : un héritage défectueux (notice n° 2222819)

détails MARC
000 -LEADER
fixed length control field 01585cam a2200169 4500500
005 - DATE AND TIME OF LATEST TRANSACTION
control field 20260426010731.0
041 ## - LANGUAGE CODE
Language code of text/sound track or separate title fre
042 ## - AUTHENTICATION CODE
Authentication code dc
100 10 - MAIN ENTRY--PERSONAL NAME
Personal name Henry, Martin
Relator term author
245 00 - TITLE STATEMENT
Title Le péché originel : un héritage défectueux
260 ## - PUBLICATION, DISTRIBUTION, ETC.
Date of publication, distribution, etc. 2008.<br/>
500 ## - GENERAL NOTE
General note 5
520 ## - SUMMARY, ETC.
Summary, etc. La doctrine du péché originel a marqué d’une manière négative non seulement la théologie, mais, s’il faut en croire Nietzsche, la civilisation occidentale tout entière. C’est en général à saint Augustin qu’est reprochée la sombre tradition qui entoure l’idée du péché originel, notamment par le lien qu’il établit entre la procréation et la transmission du péché originel. Martin H enry* suggère que malgré son pessimisme apparent, la doctrine du péché originel pourrait bien recéler un message inattendu d’espérance1.
520 ## - SUMMARY, ETC.
Summary, etc. What sense can we possibly make of the doctrine of orignal sin, asks Martin H enry. The doctrine has left its negative mark not only on theology, but according to a thinker like Nietzsche, on Western civilization as a whole. Augustine generally takes the blame for this sombre tradition, not least because of his association of procreation with the transmission of original sin. Despite its apparent endorsement of pessimism, does the doctrine nonetheless conceal an unexpected message of hope ?
786 0# - DATA SOURCE ENTRY
Note Études théologiques et religieuses | 83 | 1 | 2008-03-01 | p. 15-25 | 0014-2239
856 41 - ELECTRONIC LOCATION AND ACCESS
Uniform Resource Identifier <a href="https://shs.cairn.info/revue-etudes-theologiques-et-religieuses-2008-1-page-15?lang=fr&redirect-ssocas=7080">https://shs.cairn.info/revue-etudes-theologiques-et-religieuses-2008-1-page-15?lang=fr&redirect-ssocas=7080</a>

Pas d'exemplaire disponible.

PLUDOC

PLUDOC est la plateforme unique et centralisée de gestion des bibliothèques physiques et numériques de Guinée administré par le CEDUST. Elle est la plus grande base de données de ressources documentaires pour les Étudiants, Enseignants chercheurs et Chercheurs de Guinée.

Adresse

627 919 101/664 919 101

25 boulevard du commerce
Kaloum, Conakry, Guinée

Réseaux sociaux

Powered by Netsen Group @ 2025